Course of mathematical analysis (Record no. 20049)

000 -LEADER
fixed length control field 00451nam a2200181u 4500
001 - CONTROL NUMBER
control field 20049
003 - CONTROL NUMBER IDENTIFIER
control field BD-DhUET
008 - FIXED-LENGTH DATA ELEMENTS--GENERAL INFORMATION
fixed length control field 811210s1964 ii 000 0 eng
040 ## - CATALOGING SOURCE
Original cataloging agency DLC
Transcribing agency DLC
Modifying agency BD-DhUET
082 ## - DEWEY DECIMAL CLASSIFICATION NUMBER
Classification number 517
Item number SHA/1964
100 ## - MAIN ENTRY--PERSONAL NAME
Personal name Narayan, Shanti
245 12 - TITLE STATEMENT
Title Course of mathematical analysis
250 ## - EDITION STATEMENT
Edition statement 1st ed.
260 ## - PUBLICATION, DISTRIBUTION, ETC. (IMPRINT)
Place of publication, distribution, etc. New Delhi
Name of publisher, distributor, etc. S. Chand
Date of publication, distribution, etc. 1964
300 ## - PHYSICAL DESCRIPTION
Extent viii, 436p.
Dimensions 24 cm.
650 #0 - SUBJECT ADDED ENTRY--TOPICAL TERM
Topical term or geographic name as entry element Mathematical analysis
942 ## - ADDED ENTRY ELEMENTS (KOHA)
Koha item type General Book
Holdings
Lost status Shelving location Damaged status Sublocation or collection (holding branch) Piece designation (barcode) Date acquired Koha normalized classification for sorting Koha item type Copy number Location (home branch) Not for loan Withdrawn status Koha full call number Price effective from Koha date last seen Source of classification or shelving scheme
 Circulation section Central Library, BUET57252015-04-09517_000000000000000_SHA_1964General Book1Central Library, BUET  517/SHA/19642015-04-092015-04-09 
 Circulation section Central Library, BUET57262015-04-09517_000000000000000_SHA_1964General Book2Central Library, BUET  517/SHA/19642015-04-092015-04-09 
 Circulation section Central Library, BUET57272015-04-09517_000000000000000_SHA_1964General Book3Central Library, BUET  517/SHA/19642015-04-092015-04-09